[Event "Mercredi 2023.05.10 ABCD"]
[Site "Montreal CAN"]
[Date "2023.05.31"]
[Round "4"]
[White "Allaire, Denis"]
[Black "Boileau, Dominic"]
[Result "0-1"]
[WhiteElo "1745"]
[BlackElo "1790"]
[PlyCount "50"]
[EventDate "2023.05.10"]
[EventType "tourn"]
[EventRounds "5"]
[EventCountry "CAN"]

1. e4 c6 2. Nf3 d5 3. Nc3 Bg4 4. h3 Bxf3 5. Qxf3 e6 6. Be2 Nf6 7. O-O Be7 8. a4
O-O 9. e5 Nfd7 10. d4 c5 11. Be3 Nc6 12. Qf4 cxd4 13. Bxd4 Bg5 14. Qg4 h5 15.
Qxh5 Nxd4 16. f4 Bh6 17. g4 Qb6 18. Kh1 Qxb2 19. Bd3 Nc5 20. g5 Nxd3 21. gxh6
Nf5 22. Rg1 Qxa1 23. Nd1 Nf2+ 24. Kh2 g6 25. Qg5 Ne4 0-1

[Event "Mercredi 2023.05.10 ABCD"]
[Site "Montreal CAN"]
[Date "2023.05.31"]
[Round "4"]
[White "Avarian, Sevag"]
[Black "Plante, Michel"]
[Result "1-0"]
[WhiteElo "1902"]
[BlackElo "1902"]
[PlyCount "89"]
[EventDate "2023.05.10"]
[EventType "tourn"]
[EventRounds "5"]
[EventCountry "CAN"]

1. e4 e6 2. d4 d5 3. Bd3 c5 4. exd5 Qxd5 5. Nc3 Qxd4 6. Nb5 Qd8 7. Bf4 Na6 8.
Qe2 Qa5+ 9. c3 Nf6 10. Nf3 Bd7 11. O-O Be7 12. Nd6+ Bxd6 13. Bxd6 Qb6 14. Qe5
O-O-O 15. Bxa6 Qxa6 16. Qxc5+ Qc6 17. Qa3 Qa4 18. Qc5+ Qc6 19. Ne5 Qxc5 20.
Bxc5 Be8 21. Bxa7 Ne4 22. Rad1 Nd2 23. Rfe1 f6 24. Be3 Ba4 25. Rxd2 fxe5 26. b3
Bc6 27. Red1 e4 28. Bb6 Rd5 29. c4 Rxd2 30. Rxd2 Bd7 31. a4 Rf8 32. a5 h5 33.
Rd4 Rf4 34. b4 e5 35. Rd5 e3 36. Rc5+ Kb8 37. fxe3 Rg4 38. Bc7+ Ka7 39. Bxe5 h4
40. Kf2 Bc6 41. g3 hxg3+ 42. hxg3 g6 43. Bf4 Be4 44. Rc7 Bd3 45. Kf3 1-0

[Event "Mercredi 2023.05.10 ABCD"]
[Site "Montreal CAN"]
[Date "2023.05.31"]
[Round "4"]
[White "Baran, Marius"]
[Black "Nardone, Raul"]
[Result "1-0"]
[WhiteElo "1749"]
[BlackElo "1765"]
[PlyCount "69"]
[EventDate "2023.05.10"]
[EventType "tourn"]
[EventRounds "5"]
[EventCountry "CAN"]

1. e4 c5 2. Nf3 Nc6 3. g3 d6 4. h3 Nf6 5. d3 Bd7 6. Bg2 Qc8 7. Nc3 Rb8 8. a4 b6
9. Bg5 a6 10. Nh4 Nd4 11. Ne2 b5 12. axb5 axb5 13. c3 Nxe2 14. Qxe2 h6 15. Bxf6
gxf6 16. g4 Rg8 17. f4 c4 18. d4 h5 19. Nf5 e6 20. Ne3 Bh6 21. Rf1 Kf8 22. Qf3
b4 23. g5 bxc3 24. bxc3 Bg7 25. e5 f5 26. exd6 f6 27. h4 fxg5 28. fxg5 Rh8 29.
Rf2 Kf7 30. Rfa2 Kg6 31. Kf2 f4 32. Qe4+ Kf7 33. Qxf4+ Ke8 34. Qe4 Rf8+ 35. Kg1
1-0

[Event "Mercredi 2023.05.10 ABCD"]
[Site "Montreal CAN"]
[Date "2023.05.31"]
[Round "4"]
[White "Batorshyn, Ilia		"]
[Black "Latorre, Vincent"]
[Result "1-0"]
[WhiteElo "2183"]
[BlackElo "2237"]
[PlyCount "175"]
[EventDate "2023.05.10"]
[EventType "tourn"]
[EventRounds "5"]
[EventCountry "CAN"]

1. d4 Nf6 2. Bf4 d5 3. e3 c5 4. Nf3 Nc6 5. Nbd2 e6 6. c3 Be7 7. h3 Bd6 8. Bxd6
Qxd6 9. Bb5 O-O 10. Bxc6 bxc6 11. Qa4 cxd4 12. cxd4 Rb8 13. Qxa7 Rxb2 14. O-O
Rb7 15. Qa4 Bd7 16. Rfc1 Rc8 17. Qc2 Be8 18. a4 Nd7 19. Nb3 f6 20. a5 Bg6 21.
Qc3 Qb8 22. Nfd2 Qa7 23. Ra4 Rbc7 24. Qb4 Bd3 25. Qd6 Kf7 26. Ra3 Qa6 27. Nc5
Nxc5 28. Qxc5 Rb7 29. Qc3 Bb5 30. Nb3 Re7 31. Nc5 Qa7 32. Qc2 Kg8 33. h4 e5 34.
Qd2 e4 35. Rb3 Ra8 36. Ra1 f5 37. Qb2 Rf7 38. g3 Rb8 39. Ne6 Qd7 40. Nf4 Qd6
41. Ne2 Rfb7 42. Nc3 Ba6 43. Rb6 Qc7 44. Rb1 Qd8 45. Qb4 Rxb6 46. axb6 Bb5 47.
Nxb5 Rxb6 48. Qc5 Rxb5 49. Rxb5 cxb5 50. Qxb5 h6 51. Qc6 Kf7 52. h5 Qg5 53.
Qxd5+ Kf8 54. Qd6+ Kf7 55. Qc7+ Kf8 56. Qb8+ Kf7 57. Qb3+ Kf8 58. Qd1 g6 59.
hxg6 Qxg6 60. Qb1 Ke7 61. Qb7+ Kd8 62. Qd5+ Ke7 63. Qe5+ Kd7 64. Qf4 Qh5 65.
Kg2 Ke6 66. f3 exf3+ 67. Qxf3 Qe8 68. e4 Qa4 69. Qxf5+ Ke7 70. Qf2 Qc4 71. Qd2
Ke8 72. Kf2 h5 73. Ke3 Qb3+ 74. Qd3 Qb2 75. Kf3 Qh2 76. Qe2 Qh1+ 77. Kf4 Qc1+
78. Kf5 Qc8+ 79. Kg5 Qd8+ 80. Kxh5 Qxd4 81. Qb5+ Kf8 82. Qf5+ Ke7 83. e5 Qd1+
84. Kg6 Qb3 85. g4 Qd5 86. Kg7 Qg2 87. g5 Qa8 88. Qf7+ 1-0

[Event "Mercredi 2023.05.10 ABCD"]
[Site "Montreal CAN"]
[Date "2023.05.31"]
[Round "4"]
[White "Beaudry, Marc-Andre"]
[Black "Di Matteo, Alessio"]
[Result "1-0"]
[WhiteElo "2022"]
[BlackElo "1955"]
[PlyCount "67"]
[EventDate "2023.05.10"]
[EventType "tourn"]
[EventRounds "5"]
[EventCountry "CAN"]

1. e4 e6 2. d4 d5 3. e5 c5 4. c3 Nc6 5. Nf3 Bd7 6. Be2 Nge7 7. Na3 cxd4 8. cxd4
Nf5 9. Nc2 Qb6 10. O-O Be7 11. Kh1 O-O 12. Bd3 h6 13. g4 Nh4 14. Nxh4 Bxh4 15.
g5 g6 16. gxh6 Kh7 17. Qg4 Bd8 18. Rg1 Rg8 19. Qf4 Be8 20. h4 Ne7 21. Ne1 Nf5
22. Nf3 Rc8 23. Rb1 Bb5 24. Bxb5 Qxb5 25. Be3 Rc2 26. a4 Qb3 27. Rbc1 Be7 28.
Rxc2 Qxc2 29. Rc1 Qxb2 30. Rc7 Qb1+ 31. Kh2 Rf8 32. Rxe7 Nxe7 33. Ng5+ Kxh6 34.
Nxe6+ 1-0

[Event "Mercredi 2023.05.10 ABCD"]
[Site "Montreal CAN"]
[Date "2023.05.31"]
[Round "4"]
[White "Beaulieu, Pierre"]
[Black "Lima-Barbosa, Raphael"]
[Result "1/2-1/2"]
[WhiteElo "1868"]
[BlackElo "1894"]
[PlyCount "161"]
[EventDate "2023.05.10"]
[EventType "tourn"]
[EventRounds "5"]
[EventCountry "CAN"]

1. g3 d5 2. Bg2 Nf6 3. d3 c6 4. Nf3 Bg4 5. Nbd2 Qc8 6. h3 Bf5 7. Nh4 e5 8. Nxf5
Qxf5 9. e4 Qc8 10. O-O Nbd7 11. Qe2 Bc5 12. a4 a5 13. Nb3 Bb6 14. Bg5 O-O 15.
Kh2 Re8 16. c3 h6 17. Be3 Qc7 18. Rfd1 Rad8 19. Nd2 Nf8 20. Nf1 Ne6 21. Bxb6
Qxb6 22. Ne3 Rd7 23. exd5 cxd5 24. Rab1 Qb3 25. Ra1 Qb6 26. Rab1 Qa6 27. Bf1
Qc6 28. d4 exd4 29. cxd4 Rc7 30. Qb5 Qxb5 31. Bxb5 Rec8 32. f3 g6 33. Kg2 Ng7
34. Kf2 Nge8 35. b4 axb4 36. Rxb4 Nd6 37. Be2 Rc3 38. Rb6 R8c6 39. Rxc6 Rxc6
40. Ra1 Kf8 41. a5 Ke7 42. a6 bxa6 43. Bxa6 Rb6 44. Be2 Rb2 45. Ra5 Ke6 46. Nd1
Rb4 47. Ke3 Nf5+ 48. Kd3 Nxg3 49. Kc3 Rb6 50. Bd3 Nf5 51. Ra6 Rxa6 52. Bxa6 Nd6
53. Bd3 Nh5 54. Nf2 Nf4 55. Bf1 Nf5 56. Ba6 Nh4 57. Bc8+ Kd6 58. Ng4 Kc7 59.
Nxh6 Kxc8 60. Nxf7 Kd7 61. Ne5+ Ke6 62. Kb4 Nxh3 63. Kc5 Ng1 64. f4 Ne2 65.
Nxg6 Nxg6 66. f5+ Kxf5 67. Kxd5 Nef4+ 68. Kd6 Kf6 69. d5 Ne7 70. Kc5 Nd3+ 71.
Kd4 Nb4 72. d6 Nf5+ 73. Kc5 Nd3+ 74. Kd5 Nf4+ 75. Ke4 Ne6 76. Kd5 Nf4+ 77. Ke4
Ng6 78. d7 Nd6+ 79. Kd5 Ke7 80. d8=Q+ Kxd8 81. Kxd6 1/2-1/2

[Event "Mercredi 2023.05.10 ABCD"]
[Site "Montreal CAN"]
[Date "2023.05.31"]
[Round "4"]
[White "Chasles, Jean-Benoit"]
[Black "Destree, Frederic"]
[Result "0-1"]
[WhiteElo "1824"]
[BlackElo "1809"]
[PlyCount "84"]
[EventDate "2023.05.10"]
[EventType "tourn"]
[EventRounds "5"]
[EventCountry "CAN"]

1. e4 d6 2. d4 Nf6 3. Nc3 g6 4. f4 Bg7 5. h3 c5 6. Be3 cxd4 7. Bxd4 Nc6 8. Be3
O-O 9. Qd2 Qa5 10. Bd3 Qb4 11. Nge2 Qxb2 12. O-O Qb4 13. Rab1 Qa5 14. Rb5 Qc7
15. f5 Ne5 16. Bh6 Bd7 17. Rb3 b6 18. Bxg7 Kxg7 19. Rf4 Rac8 20. Kh2 Qc5 21.
Kh1 h5 22. Nd1 Nxd3 23. cxd3 Qc2 24. Rb2 Qxd2 25. Rxd2 Rc5 26. Nd4 Rfc8 27. Ne3
Rc1+ 28. Kh2 Ra1 29. g4 g5 30. Rf3 Rcc1 31. gxh5 Nxh5 32. Nd5 e6 33. f6+ Kf8
34. Ne3 Nf4 35. Kg3 Rh1 36. Rxf4 gxf4+ 37. Kxf4 e5+ 38. Kg3 Rxh3+ 39. Kf2 exd4
40. Ng2 Rh6 41. Rc2 Rxf6+ 42. Kg3 Ke7 0-1

[Event "Mercredi 2023.05.10 ABCD"]
[Site "Montreal CAN"]
[Date "2023.05.31"]
[Round "4"]
[White "Jia, Zhe"]
[Black "Bain-Thouvarez, Aurelien"]
[Result "1-0"]
[WhiteElo "1842"]
[BlackElo "1833"]
[PlyCount "89"]
[EventDate "2023.05.10"]
[EventType "tourn"]
[EventRounds "5"]
[EventCountry "CAN"]

1. e4 d5 2. exd5 Nf6 3. d4 Bg4 4. Be2 Bxe2 5. Nxe2 Qxd5 6. O-O Nc6 7. c4 Qxc4
8. Na3 Qd5 9. Be3 e6 10. Nc3 Qf5 11. Qb3 Rb8 12. Nab5 Bd6 13. Nxd6+ cxd6 14.
Nb5 Kd7 15. Rac1 Rhd8 16. a4 Nd5 17. Qa3 Ke7 18. Rfd1 Rd7 19. Nc3 Rbd8 20.
Nxd5+ Qxd5 21. b4 Kf8 22. b5 Ne7 23. Qb2 Nf5 24. b6 Nh4 25. f3 axb6 26. Qxb6
Ra8 27. Rc7 Rxc7 28. Qxc7 Qc6 29. Rc1 Qxc7 30. Rxc7 Nf5 31. Bf4 Ra6 32. Rxb7
Nxd4 33. Rb4 Ne2+ 34. Kf2 Nxf4 35. Rxf4 Ke7 36. Ke3 f5 37. Kd3 Kd7 38. Kc3 g5
39. Rb4 Kc7 40. g4 Ra5 41. Kb3 Re5 42. Rc4+ Kb6 43. Kb4 d5 44. a5+ Kb7 45. Rc3
{illisible} 1-0

[Event "Mercredi 2023.05.10 ABCD"]
[Site "Montreal CAN"]
[Date "2023.05.31"]
[Round "4"]
[White "Mok, Yuen Tak"]
[Black "Guillemette, Hugo"]
[Result "0-1"]
[WhiteElo "2048"]
[BlackElo "2086"]
[PlyCount "140"]
[EventDate "2023.05.10"]
[EventType "tourn"]
[EventRounds "5"]
[EventCountry "CAN"]

1. e4 c5 2. Nf3 e6 3. g3 Nc6 4. Bg2 d5 5. exd5 exd5 6. d4 Nf6 7. O-O cxd4 8.
Re1+ Be7 9. Nxd4 O-O 10. c3 Re8 11. h3 Nxd4 12. cxd4 Bf5 13. Nc3 Qd7 14. Kh2
Bd6 15. Be3 Rad8 16. Qb3 h6 17. Rac1 Bb8 18. Na4 b6 19. Bf1 Be4 20. Nc3 Qf5 21.
Nxe4 Nxe4 22. Bd3 Qf3 23. Bxe4 Rxe4 24. Rg1 Rde8 25. Qd1 Qf5 26. Rc3 h5 27. Kg2
Qg6 28. Kf1 Qf6 29. Kg2 h4 30. g4 Qd6 31. Qf3 Qh2+ 32. Kf1 Bf4 33. Qg2 Qxg2+
34. Kxg2 Bxe3 35. fxe3 Rxe3 36. Rf1 Rxc3 37. bxc3 Re2+ 38. Kg1 g6 39. Rf6 Rxa2
40. Rd6 Rc2 41. Rxd5 Rxc3 42. Rd7 Rxh3 43. d5 Rd3 44. d6 Kg7 45. g5 Rg3+ 46.
Kh2 Rxg5 47. Rxa7 Rd5 48. d7 Kf6 49. Kh3 Ke6 50. Rb7 Rxd7 51. Rxb6+ Rd6 52. Rb5
Rd4 53. Ra5 Kf6 54. Rb5 g5 55. Rb8 Kf5 56. Rb5+ Kg6 57. Rb8 Rd3+ 58. Kh2 f5 59.
Rb5 g4 60. Ra5 Kg5 61. Ra8 h3 62. Ra7 Rd2+ 63. Kh1 g3 64. Ra1 f4 65. Kg1 Kg4
66. Kh1 Re2 67. Rb1 f3 68. Rb4+ Kf5 69. Rb1 Rh2+ 70. Kg1 f2+ 0-1

[Event "Mercredi 2023.05.10 ABCD"]
[Site "Montreal CAN"]
[Date "2023.05.31"]
[Round "4"]
[White "Singher, Jean-Pierre"]
[Black "Deboosere, Adam"]
[Result "0-1"]
[WhiteElo "2045"]
[BlackElo "1903"]
[PlyCount "92"]
[EventDate "2023.05.10"]
[EventType "tourn"]
[EventRounds "5"]
[EventCountry "CAN"]

1. d4 Nf6 2. Nf3 d5 3. c4 e6 4. Nc3 Be7 5. e3 O-O 6. Bd3 c5 7. O-O Nc6 8. a3 a6
9. b3 dxc4 10. bxc4 cxd4 11. exd4 Qa5 12. Bb2 Rd8 13. Qe2 Qh5 14. Rad1 b5 15.
cxb5 axb5 16. Bxb5 Bb7 17. a4 Nb4 18. Ne5 Qg5 19. f4 Qh4 20. Qf2 Qh6 21. f5
Rac8 22. fxe6 fxe6 23. Bc1 Qh5 24. Bc4 Nbd5 25. Nxd5 Nxd5 26. g4 Qxe5 27. Qf7+
Kh8 28. dxe5 Bc5+ 29. Kg2 Rc7 30. Qxc7 Nxc7+ 31. Kg3 Nd5 32. Rf7 Ba8 33. Bb5
Kg8 34. Rd7 Rc8 35. Rf1 h6 36. Rff7 Bf8 37. Bd2 Rc2 38. Rf2 Rc8 39. Bd3 Nb6 40.
Ra7 Rd8 41. Bg6 Nc4 42. Bc3 Bc5 43. Rxa8 Bxf2+ 44. Kxf2 Rxa8 45. a5 Nxa5 46.
Bxa5 Rxa5 0-1

[Event "Mercredi 2023.05.10 ABCD"]
[Site "Montreal CAN"]
[Date "2023.06.07"]
[Round "5"]
[White "Adam, Rafael"]
[Black "Batorshyn, Ilia		"]
[Result "0-1"]
[WhiteElo "2181"]
[BlackElo "2183"]
[PlyCount "108"]
[EventDate "2023.05.10"]
[EventType "tourn"]
[EventRounds "5"]
[EventCountry "CAN"]

1. d4 Nf6 2. c4 g6 3. g3 Bg7 4. Bg2 O-O 5. Nc3 d6 6. Nf3 c5 7. O-O Nc6 8. d5
Na5 9. Nd2 e6 10. e4 exd5 11. cxd5 Rb8 12. Qe2 Re8 13. a4 a6 14. Nc4 Nb3 15.
Bf4 Bf8 16. a5 Nxa1 17. Rxa1 Ng4 18. Rd1 g5 19. Bd2 Bg7 20. h3 Ne5 21. Nb6 g4
22. hxg4 Bxg4 23. f3 Bc8 24. Be3 Qf6 25. Qf2 Qg6 26. Nxc8 Rbxc8 27. Bh3 Nc4 28.
Bf5 Qf6 29. Bxc8 Rxc8 30. Bf4 Qg6 31. Kg2 Nxa5 32. Qe2 Nb3 33. Qd3 b5 34. Ne2
c4 35. Qc2 Qf6 36. Nc3 Nc5 37. Qd2 Nd3 38. Bg5 Qg6 39. Be3 b4 40. Na4 Be5 41.
g4 h5 42. Rg1 Rb8 43. Kf1 h4 44. Nb6 Nxb2 45. Nd7 c3 46. Qe2 Rd8 47. Qxa6 c2
48. Kg2 Nd1 49. Bd2 b3 50. Nxe5 dxe5 51. Qc4 Qb6 52. Bg5 b2 53. Bxd8 Ne3+ 54.
Kh3 Nxc4 0-1

[Event "Mercredi 2023.05.10 ABCD"]
[Site "Montreal CAN"]
[Date "2023.06.06"]
[Round "5"]
[White "Bain-Thouvarez, Aurelien"]
[Black "Beaulieu, Pierre"]
[Result "1-0"]
[WhiteElo "1833"]
[BlackElo "1868"]
[PlyCount "115"]
[EventDate "2023.05.10"]
[EventType "tourn"]
[EventRounds "5"]
[EventCountry "CAN"]

1. c4 Nf6 2. Nc3 e6 3. g3 d5 4. d4 Bb4 5. a3 Bxc3+ 6. bxc3 O-O 7. Bg2 Nbd7 8.
a4 Re8 9. Nf3 c6 10. O-O Qa5 11. cxd5 exd5 12. c4 Qc3 13. Bd2 Qxc4 14. Re1 a5
15. e3 Qa6 16. Bc1 Nf8 17. Ba3 Bg4 18. h3 Bxf3 19. Bxf3 b6 20. Qb3 N8d7 21.
Rec1 Rac8 22. Rc2 b5 23. axb5 Qxb5 24. Qc3 Ne4 25. Bxe4 Rxe4 26. Bd6 Re6 27.
Bc5 a4 28. Rb2 Qa6 29. Rb4 Nxc5 30. dxc5 Re4 31. Raxa4 Qxa4 32. Rxa4 Rxa4 33.
Qb3 Raa8 34. Qb7 Kf8 35. Qd7 h6 36. Kg2 g6 37. h4 Rab8 38. g4 Kg7 39. g5 hxg5
40. hxg5 Ra8 41. Kg3 Rab8 42. f4 Re8 43. Qxc6 Rxe3+ 44. Kf2 Rh3 45. Qf6+ Kg8
46. c6 Rbb3 47. c7 Rhf3+ 48. Kg2 Rg3+ 49. Kf2 Rgf3+ 50. Kg2 Rg3+ 51. Kf2 Rgf3+
52. Ke2 Rfe3+ 53. Kd2 Re8 54. Qc6 Rbe3 55. c8=Q Re2+ 56. Kd3 R2e3+ 57. Kc2 Rxc8
58. Qxc8+ 1-0

[Event "Mercredi 2023.05.10 ABCD"]
[Site "Montreal CAN"]
[Date "2023.06.06"]
[Round "5"]
[White "Boileau, Dominic"]
[Black "Chasles, Jean-Benoit"]
[Result "0-1"]
[WhiteElo "1790"]
[BlackElo "1824"]
[PlyCount "106"]
[EventDate "2023.05.10"]
[EventType "tourn"]
[EventRounds "5"]
[EventCountry "CAN"]

1. d4 Nf6 2. Bf4 d5 3. e3 c5 4. Nc3 e6 5. Nf3 Bd6 6. Ne5 a6 7. dxc5 Bxc5 8. Bd3
Nc6 9. O-O Nb4 10. Be2 O-O 11. a3 Nc6 12. Nxc6 bxc6 13. b4 Bd6 14. Bxd6 Qxd6
15. Na4 e5 16. c4 Bf5 17. cxd5 cxd5 18. Nc5 Rfb8 19. f4 a5 20. g4 axb4 21. axb4
Rxa1 22. Qxa1 Nxg4 23. Qa6 Rb6 24. Qa8+ Rb8 25. Qa6 Qxa6 26. Nxa6 Rb6 27. Bxg4
Bxg4 28. Nc7 Rxb4 29. Nxd5 Re4 30. f5 h6 31. Kf2 Kh7 32. Kg3 Be2 33. Rc1 Rc4
34. Re1 Bd3 35. f6 gxf6 36. Nxf6+ Kg6 37. Ng4 f6 38. Nf2 Bf5 39. h4 h5 40. Ra1
Bc8 41. Rg1 Rc3 42. Kf3+ Kf5 43. Rg8 Bb7+ 44. Ke2 Rc2+ 45. Kf1 Bf3 46. Kg1 Re2
47. Nd1 e4 48. Nc3 Rxe3 49. Nd5 Re1+ 50. Kf2 Re2+ 51. Kf1 Ke5 52. Ne7 Ra2 53.
Nc6+ Kf4 0-1

[Event "Mercredi 2023.05.10 ABCD"]
[Site "Montreal CAN"]
[Date "2023.06.06"]
[Round "5"]
[White "Chapdelaine, Gwyn"]
[Black "Latorre, Vincent"]
[Result "1-0"]
[WhiteElo "2115"]
[BlackElo "2237"]
[PlyCount "79"]
[EventDate "2023.05.10"]
[EventType "tourn"]
[EventRounds "5"]
[EventCountry "CAN"]

1. d4 Nf6 2. c4 g6 3. Nf3 Bg7 4. g3 O-O 5. Bg2 d6 6. Nc3 Nbd7 7. O-O e5 8. e4
exd4 9. Nxd4 Re8 10. h3 Nc5 11. Re1 a5 12. Rb1 c6 13. b3 a4 14. b4 Ncd7 15. f4
Nb6 16. c5 dxc5 17. bxc5 Nh5 18. e5 Nc4 19. Rb4 Nxe5 20. fxe5 Bxe5 21. Nce2 Qa5
22. Rc4 Bxg3 23. Bd2 Qd8 24. Nxg3 Nxg3 25. Rxe8+ Qxe8 26. Qf3 Nf5 27. Nxf5 Bxf5
28. Bc3 Qe6 29. Qf4 f6 30. a3 g5 31. Qd4 Rf8 32. h4 h6 33. Rxa4 gxh4 34. Qf4
Kf7 35. Ra7 h3 36. Rxb7+ Kg6 37. Qg3+ Bg4 38. Bxh3 f5 39. Rg7+ Kh5 40. Bxg4+
1-0

[Event "Mercredi 2023.05.10 ABCD"]
[Site "Montreal CAN"]
[Date "2023.06.07"]
[Round "5"]
[White "Deboosere, Adam"]
[Black "Beaudry, Marc-Andre"]
[Result "1-0"]
[WhiteElo "1903"]
[BlackElo "2022"]
[PlyCount "99"]
[EventDate "2023.05.10"]
[EventType "tourn"]
[EventRounds "5"]
[EventCountry "CAN"]

1. d4 Nf6 2. Nf3 d5 3. c4 c6 4. Nc3 e6 5. Bg5 h6 6. Bxf6 Qxf6 7. e3 Nd7 8. Bd3
g6 9. O-O Bg7 10. e4 dxc4 11. e5 Qe7 12. Bxc4 O-O 13. Re1 Nb6 14. Bb3 Rd8 15.
Ne4 Bd7 16. Rc1 Be8 17. Qe2 Rac8 18. h4 Nd7 19. Nd6 Rc7 20. Qe3 Nb6 21. Ne4 Nd5
22. Bxd5 exd5 23. Nd6 Bd7 24. Qf4 Be6 25. g4 Qd7 26. g5 h5 27. Rc3 Bf8 28. Rec1
Bxd6 29. exd6 Qxd6 30. Ne5 Re7 31. a3 Bf5 32. b4 a6 33. Re3 Re6 34. Rce1 Qe7
35. Qf3 Kg7 36. Qd1 f6 37. Nf3 Be4 38. gxf6+ Rxf6 39. Ng5 Rf4 40. Rg3 Qf6 41.
f3 Bf5 42. Qe2 Rxd4 43. Qe7+ Qxe7 44. Rxe7+ Kf6 45. Rf7+ Ke5 46. Rxb7 Kf4 47.
Rg2 Rd1+ 48. Kh2 d4 49. Rf7 Rd6 50. Re2 1-0

[Event "Mercredi 2023.05.10 ABCD"]
[Site "Montreal CAN"]
[Date "2023.06.07"]
[Round "5"]
[White "Destree, Frederic"]
[Black "Baran, Marius"]
[Result "1/2-1/2"]
[WhiteElo "1809"]
[BlackElo "1749"]
[PlyCount "112"]
[EventDate "2023.05.10"]
[EventType "tourn"]
[EventRounds "5"]
[EventCountry "CAN"]

1. Nf3 d5 2. g3 Nf6 3. Bg2 g6 4. O-O Bg7 5. d3 c5 6. Nbd2 Nc6 7. e4 dxe4 8.
dxe4 O-O 9. c3 e5 10. Qc2 h6 11. Nc4 Qc7 12. Rd1 Be6 13. Bf1 Rfd8 14. Be3 b6
15. h3 Bf8 16. a4 a6 17. Ncd2 Rd7 18. Kh2 Na5 19. b3 Kh7 20. Nc4 Rxd1 21. Rxd1
Nxc4 22. Bxc4 Bxc4 23. bxc4 Re8 24. Nd2 Qc6 25. f3 Rd8 26. Nf1 Rxd1 27. Qxd1
Qd7 28. Qxd7 Nxd7 29. Bd2 Be7 30. Kg2 Nb8 31. Kf2 Nc6 32. Ke2 h5 33. h4 f5 34.
exf5 gxf5 35. Ne3 Kg6 36. Nd5 Bd8 37. Kd3 e4+ 38. fxe4 Ne5+ 39. Ke2 fxe4 40.
Ne3 Kf6 41. Nd5+ Ke6 42. Nf4+ Kf5 43. Nxh5 Nxc4 44. Bc1 Kg4 45. Ng7 Bf6 46. Ne6
Bxc3 47. Ng5 Kf5 48. h5 Ne5 49. Bf4 Ng4 50. Nf7 Ke6 51. Nd6 e3 52. Nc4 b5 53.
axb5 axb5 54. Nxe3 Nxe3 55. Kxe3 Kf5 56. Kd3 Bf6 1/2-1/2

[Event "Mercredi 2023.05.10 ABCD"]
[Site "Montreal CAN"]
[Date "2023.06.07"]
[Round "5"]
[White "Di Matteo, Alessio"]
[Black "Mok, Yuen Tak"]
[Result "1-0"]
[WhiteElo "1955"]
[BlackElo "2048"]
[PlyCount "99"]
[EventDate "2023.05.10"]
[EventType "tourn"]
[EventRounds "5"]
[EventCountry "CAN"]

1. d4 d5 2. c4 c6 3. Nf3 Nf6 4. Nc3 e6 5. g3 dxc4 6. Bg2 Nbd7 7. O-O b5 8. e4
b4 9. e5 Nd5 10. Ne4 a5 11. Nfg5 h6 12. Nxe6 fxe6 13. Qh5+ Ke7 14. Nd6 Nxe5 15.
dxe5 Kd7 16. Nxc4 Ba6 17. b3 Bc5 18. Rd1 Rf8 19. Be3 Bxe3 20. Nxe3 Qg5 21. Qh3
Ke7 22. f4 Qg6 23. Qh4+ Ke8 24. Nc4 Bxc4 25. bxc4 Ne7 26. Rd6 Rc8 27. Rad1 Nf5
28. Bxc6+ Kf7 29. Qh3 Nxd6 30. Rxd6 Kg8 31. Qf1 Kh8 32. Bd7 Rcd8 33. c5 Qe4 34.
c6 Qe3+ 35. Qf2 Qc1+ 36. Kg2 g5 37. Rxe6 gxf4 38. Rxh6+ Kg7 39. Rf6 Rxf6 40.
exf6+ Kxf6 41. Qd4+ Ke7 42. Qe5+ Kf8 43. Qf6+ Kg8 44. Qxd8+ Kg7 45. Qe7+ Kh6
46. Qf6+ Kh7 47. Bf5+ Kg8 48. Be6+ Kh7 49. Qf7+ Kh6 50. Qxf4+ 1-0

[Event "Mercredi 2023.05.10 ABCD"]
[Site "Montreal CAN"]
[Date "2023.06.07"]
[Round "5"]
[White "Guillemette, Hugo"]
[Black "Singher, Jean-Pierre"]
[Result "1/2-1/2"]
[WhiteElo "2086"]
[BlackElo "2045"]
[PlyCount "122"]
[EventDate "2023.05.10"]
[EventType "tourn"]
[EventRounds "5"]
[EventCountry "CAN"]

1. e4 c5 2. Nf3 Nc6 3. Bb5 Nf6 4. Bxc6 dxc6 5. e5 Nd5 6. Nc3 Bg4 7. O-O Nxc3 8.
dxc3 Qxd1 9. Rxd1 Bxf3 10. gxf3 e6 11. Be3 Rd8 12. f4 Be7 13. Rd3 Rxd3 14. cxd3
Kd7 15. Kf1 h5 16. Ke2 Kc7 17. Rg1 g6 18. c4 b6 19. b3 a5 20. a4 Rd8 21. Rd1 b5
22. axb5 cxb5 23. Ra1 bxc4 24. dxc4 Ra8 25. Bd2 Kb6 26. f3 Bd8 27. Kd3 Kc6 28.
Kc2 Bh4 29. Rxa5 Rxa5 30. Bxa5 Bf2 31. Kd3 h4 32. h3 Bg3 33. Ke4 Bf2 34. Bd2
Bg3 35. Kd3 Bf2 36. Be3 Be1 37. Ke2 Bg3 38. Kd3 Be1 39. Bd2 Bg3 40. Ke4 Bf2 41.
Ba5 Kb7 42. Bd8 Ka6 43. Kd3 Bg3 44. Ke3 Be1 45. Be7 Kb6 46. Ke4 Bf2 47. b4 cxb4
48. Bxb4 Kc6 49. Kd3 Kb6 50. Bd2 Kc6 51. Be3 Be1 52. Kc2 Ba5 53. Bf2 Bd8 54.
Kd3 Be7 55. Kc3 Bd8 56. Kb4 Be7+ 57. c5 Bd8 58. Kc4 Be7 59. Be3 Bf8 60. Bf2 Be7
61. Be3 Bf8 1/2-1/2

[Event "Mercredi 2023.05.10 ABCD"]
[Site "Montreal CAN"]
[Date "2023.06.07"]
[Round "5"]
[White "Lima-Barbosa, Raphael"]
[Black "Avarian, Sevag"]
[Result "1-0"]
[WhiteElo "1894"]
[BlackElo "1902"]
[PlyCount "85"]
[EventDate "2023.05.10"]
[EventType "tourn"]
[EventRounds "5"]
[EventCountry "CAN"]

1. d4 Nf6 2. c4 c5 3. d5 b5 4. cxb5 a6 5. bxa6 g6 6. Nc3 Bg7 7. Nf3 O-O 8. g3
Bxa6 9. Bg2 d6 10. O-O Nbd7 11. Rb1 Qa5 12. Qc2 Nb6 13. Rd1 Nfd7 14. a3 Nc4 15.
b4 cxb4 16. axb4 Qc7 17. Nd4 Rab8 18. Nc6 Rbc8 19. Qb3 Ndb6 20. b5 Bb7 21. e4
Ra8 22. Bf1 Ne5 23. Be3 Bf6 24. Be2 Bc8 25. Ra1 Bg4 26. Ra6 Nbd7 27. Rda1 Rxa6
28. Rxa6 Bxe2 29. Nxe2 Nxc6 30. dxc6 Ne5 31. Nd4 Qc8 32. Kg2 Ng4 33. Ra7 Bxd4
34. Bxd4 e5 35. Be3 Nf6 36. Qd3 d5 37. exd5 e4 38. Qd1 Qf5 39. b6 Nxd5 40. b7
Nxe3+ 41. fxe3 Qb5 42. c7 Qc5 43. b8=Q 1-0

[Event "Mercredi 2023.05.10 ABCD"]
[Site "Montreal CAN"]
[Date "2023.06.07"]
[Round "5"]
[White "Nardone, Raul"]
[Black "Allaire, Denis"]
[Result "1/2-1/2"]
[WhiteElo "1765"]
[BlackElo "1745"]
[PlyCount "96"]
[EventDate "2023.05.10"]
[EventType "tourn"]
[EventRounds "5"]
[EventCountry "CAN"]

1. c4 e6 2. g3 d5 3. Bg2 c5 4. Nf3 Nc6 5. cxd5 exd5 6. d4 Nf6 7. O-O Bg4 8.
dxc5 Bxc5 9. Nc3 O-O 10. Bg5 d4 11. Na4 Be7 12. Rc1 Qd5 13. Bxf6 Bxf6 14. Nc5
Qxa2 15. Nxb7 Qxb2 16. Rxc6 d3 17. Qxd3 a5 18. Rc2 Qb4 19. Qc4 Rac8 20. Qxb4
axb4 21. Rxc8 Rxc8 22. h3 Be6 23. Rb1 b3 24. Ne1 b2 25. Nd3 Ba2 26. Rxb2 Bxb2
27. Nxb2 Rc2 28. Nd3 Rxe2 29. Nbc5 Bc4 30. Nf4 Re1+ 31. Kh2 g5 32. Nfd3 Re2 33.
Bf3 Rd2 34. Be4 f6 35. Kg2 Kg7 36. Kf3 Bf7 37. g4 Bg6 38. Ke3 Rd1 39. Ne6+ Kf7
40. Nd8+ Ke8 41. Nc6 Bxe4 42. Kxe4 Rh1 43. f4 Rxh3 44. fxg5 fxg5 45. Nce5 Rh1
46. Kf5 h6 47. Kg6 Rh3 48. Nf7 Rxd3 1/2-1/2

[Event "Mercredi 2023.05.10 ABCD"]
[Site "Montreal CAN"]
[Date "2023.06.07"]
[Round "5"]
[White "Plante, Michel"]
[Black "Jia, Zhe"]
[Result "0-1"]
[WhiteElo "1902"]
[BlackElo "1842"]
[PlyCount "48"]
[EventDate "2023.05.10"]
[EventType "tourn"]
[EventRounds "5"]
[EventCountry "CAN"]

1. d4 Nf6 2. Nc3 d5 3. Bf4 c6 4. e3 Bf5 5. f3 h6 6. g4 Bh7 7. Bd3 e6 8. Nge2
Nbd7 9. Qd2 a5 10. h4 a4 11. Ng3 a3 12. g5 Ng8 13. Bxh7 Rxh7 14. g6 fxg6 15.
Qd3 Qf6 16. b3 Bb4 17. O-O-O Ne7 18. Nce2 Rh8 19. c3 Ba5 20. b4 Bb6 21. Bg5
hxg5 22. hxg5 Qf8 23. Nf4 Rxh1 24. Rxh1 Qf7 0-1

[Event "Mercredi 2023.09.05 ABCD"]
[Site "Montreal CAN"]
[Date "2023.09.06"]
[Round "1"]
[White "Avarian, Sevag"]
[Black "Beaudry, Marc-Andre"]
[Result "1-0"]
[WhiteElo "1973"]
[BlackElo "1975"]
[PlyCount "53"]
[EventDate "2023.09.06"]
[EventType "tourn"]
[EventRounds "5"]
[EventCountry "CAN"]

1. e4 c5 2. Nc3 Nc6 3. Bb5 Nd4 4. Nf3 a6 5. Bd3 g6 6. Nxd4 cxd4 7. Ne2 Bg7 8.
c3 dxc3 9. bxc3 d5 10. Rb1 Nf6 11. e5 Ng4 12. f4 f6 13. e6 Bxe6 14. Rxb7 O-O
15. Nd4 Bd7 16. Qf3 Rf7 17. Qxd5 e5 18. Bc4 Be8 19. Qxd8 Rxd8 20. Bxf7+ Bxf7
21. Nc6 Re8 22. O-O Bxa2 23. fxe5 fxe5 24. d3 Bf8 25. h3 Bd5 26. Rxf8+ Kxf8 27.
Ba3+ 1-0